01213nam a2200217 a 4500008004100000020001800041050001700059100002200076245010300098250001200201260003800213300002200251350001100273490004800284650002000332995017000352995017800522999001700700952013900717952013900856130516s2009 ||||||||||||||||| || u a9780702030123 aRD 667.5 BRE aDixon, J. Michael10aBreast Surgery: a companion to specialist surgical practice. (4th ed.)cedited by J. Michael Dixon a4th ed. aEdinburgh, LondonbElsevierc2009 axiii, 312p.: ill. a141.86 aA companion to specialist surgical practice aBREAST--SURGERY aMEDICAL LIBRARY OPEN ACCESSe902044FCBU-SCHOOL OF MEDICINE LIBRARY (Ndola)jRD 667.5 BREM1UAVAILABLEWMay 20, 2013y902044ZMedical Library Open Access Collection aMEDICAL LIBRARY OPEN ACCESSD141.86e903354FCBU-SCHOOL OF MEDICINE LIBRARY (Ndola)jRD 667.5 BREM2UAVAILABLEWFeb 29, 2016y903354ZMedical Library Open Access Collection c63727d63727 00102lcc4070a002b002cMedical Library Open Access Collectiond2023-01-25l0oRD 667.5 BREp902044r2023-01-25t1w2023-01-25y002 00102lcc4070a002b002cMedical Library Open Access Collectiond2023-01-25l0oRD 667.5 BREp903354r2023-01-25t2w2023-01-25y002